000 00451nam a2200157Ia 4500
008 210716s2008 xx 000 0 und d
020 _a9788126514663
041 _aeng
082 _a621.395 MAIA
100 _aMaini, Anil K.
245 _aDigital electronics: principles and integrated circuits.
_bPrinciples and integrated circuits.
250 _a1
260 _aNew Delhi
_bWiley India
_c2008
300 _axxiii,584
650 _aDigital Systems
999 _c189356
_d189356